01500nam a2200337Ia 4500001001200000003000800012006001900020007001500039008004100054010001700095020004300112040002100155035002100176050002500197082001700222245022400239260005800463300001600521490004500537504005100582533015200633650004900785650005600834655002900890700001700919700003200936710001700968830003200985856012601017999001901143ebr10376605CaPaEBRm u cr cn|||||||||090911s2010 enk sb 001 0 eng d z 2009034596 z9780754665946 (hardcover : alk. paper) aCaPaEBRcCaPaEBR a(OCoLC)64790208414aHG186.A2bS73 2010eb04a332.109422200aState and financial systems in Europe and the USAh[electronic resource] :bhistorical perspectives on regulation and supervision in the nineteenth and twentieth centuries /cedited by Stefano Battilossi and Jaime Reis. aFarnham, Surrey ;aBurlington, VT :bAshgate,cc2010. axiv, 223 p.1 aStudies in banking and financial history aIncludes bibliographical references and index. aElectronic reproduction.bPalo Alto, Calif. :cebrary,d2011.nAvailable via World Wide Web.nAccess may be limited to ebrary affiliated libraries. 0aFinancexGovernment policyzEuropexHistory. 0aFinancexGovernment policyzUnited StatesxHistory. 7aElectronic books.2local1 aReis, Jaime.1 aBattilossi, Stefano,d1961-2 aebrary, Inc. 0aStudies in banking history.40uhttp://site.ebrary.com/lib/rucke/Doc?id=10376605zAn electronic book accessible through the World Wide Web; click to view c193379d193379